[Event "HSG Open 2019 A"]
[Site "Hilversum"]
[Date "2019.06.23"]
[Round "6.2"]
[White "Schoppen, Casper"]
[Black "Nijboer, Friso"]
[Result "1-0"]
[BlackElo "2488"]
[WhiteElo "2464"]
[LiveChessVersion "1.4.8"]

1. c4 {[%clk 1:45:28]} f5 {[%clk 1:49:12]} 2. Nc3 {[%clk 1:43:56]} Nf6
{[%clk 1:48:36]} 3. d4 {[%clk 1:43:16]} e6 {[%clk 1:48:42]} 4. Nf3
{[%clk 1:43:06]} Bb4 {[%clk 1:48:02]} 5. Qb3 {[%clk 1:40:06]} a5 {[%clk 1:42:40]}
6. a3 {[%clk 1:35:25]} Bxc3+ {[%clk 1:41:33]} 7. Qxc3 {[%clk 1:35:29]} Qe7
{[%clk 1:33:35]} 8. b3 {[%clk 1:33:47]} b6 {[%clk 1:30:26]} 9. g3
{[%clk 1:31:56]} Bb7 {[%clk 1:30:16]} 10. Bg2 {[%clk 1:31:57]} d6
{[%clk 1:17:56]} 11. O-O {[%clk 1:29:36]} O-O {[%clk 1:06:15]} 12. Bb2
{[%clk 1:27:45]} Nbd7 {[%clk 0:34:28]} 13. b4 {[%clk 1:14:25]} Ne4
{[%clk 0:32:14]} 14. Qc2 {[%clk 1:14:06]} Ndf6 {[%clk 0:31:28]} 15. e3
{[%clk 1:00:55]} c5 {[%clk 0:30:57]} 16. dxc5 {[%clk 0:59:25]} bxc5
{[%clk 0:30:50]} 17. b5 {[%clk 0:59:03]} a4 {[%clk 0:23:23]} 18. Rad1
{[%clk 0:54:10]} g5 {[%clk 0:23:16]} 19. Bxf6 {[%clk 0:51:37]} Rxf6
{[%clk 0:22:21]} 20. Nd2 {[%clk 0:50:58]} d5 {[%clk 0:20:46]} 21. Nxe4
{[%clk 0:49:29]} fxe4 {[%clk 0:19:33]} 22. Rc1 {[%clk 0:49:03]} Rc8
{[%clk 0:12:53]} 23. Qxa4 {[%clk 0:47:03]} Ra8 {[%clk 0:11:45]} 24. Qb3
{[%clk 0:44:09]} g4 {[%clk 0:11:17]} 25. Qc3 {[%clk 0:38:16]} Rf7
{[%clk 0:07:53]} 26. Rc2 {[%clk 0:35:11]} Qf8 {[%clk 0:05:40]} 27. Ra1
{[%clk 0:30:06]} Ra4 {[%clk 0:04:58]} 28. Qe5 {[%clk 0:25:07]} Qg7
{[%clk 0:03:12]} 29. Qxg7+ {[%clk 0:24:59]} Kxg7 {[%clk 0:03:17]} 30. cxd5
{[%clk 0:24:58]} exd5 {[%clk 0:03:12]} 31. Rxc5 {[%clk 0:25:02]} Kf6
{[%clk 0:03:20]} 32. Bf1 {[%clk 0:24:26]} Ke5 {[%clk 0:03:25]} 33. Be2
{[%clk 0:23:48]} h5 {[%clk 0:03:33]} 34. Bd1 {[%clk 0:23:01]} Rc4
{[%clk 0:03:36]} 35. Rc1 {[%clk 0:22:58]} Rxc5 {[%clk 0:03:22]} 36. Rxc5
{[%clk 0:23:01]} Kd6 {[%clk 0:03:30]} 37. Rc1 {[%clk 0:23:01]} Rc7
{[%clk 0:03:22]} 38. Rxc7 {[%clk 0:23:01]} Kxc7 {[%clk 0:03:22]} 39. h3
{[%clk 0:23:01]} Bc8 {[%clk 0:03:22]} 40. hxg4 {[%clk 0:23:01]} hxg4
{[%clk 0:03:22]} 41. Kf1 {[%clk 0:23:01]} Kb6 {[%clk 0:03:22]} 42. a4
{[%clk 0:23:01]} Ka5 {[%clk 0:03:22]} 43. Ke1 {[%clk 0:23:01]} Kb4
{[%clk 0:03:22]} 44. Kd2 {[%clk 0:23:01]} Ka5 {[%clk 0:03:02]} 45. Ke1
{[%clk 0:21:51]} Kb4 {[%clk 0:02:58]} 46. Kd2 {[%clk 0:21:39]} Bd7
{[%clk 0:02:31]} 1-0

[Event "HSG Open 2019 A"]
[Site "Hilversum"]
[Date "2019.06.23"]
[Round "6.3"]
[White "Burg, Twan"]
[Black "Ootes, Lars"]
[Result "1-0"]
[BlackElo "2355"]
[WhiteElo "2523"]
[LiveChessVersion "1.4.8"]

1. c4 {[%clk 1:50:19]} d6 {[%clk 1:48:00]} 2. Nc3 {[%clk 1:50:01]} g6
{[%clk 1:46:00]} 3. d4 {[%clk 1:49:58]} Bg7 {[%clk 1:45:48]} 4. g3
{[%clk 1:49:39]} f5 {[%clk 1:45:16]} 5. Bg2 {[%clk 1:49:36]} Nf6 {[%clk 1:45:10]}
6. Nf3 {[%clk 1:49:35]} O-O {[%clk 1:45:14]} 7. O-O {[%clk 1:49:38]} c6
{[%clk 1:45:22]} 8. Rb1 {[%clk 1:48:49]} Qc7 {[%clk 1:39:25]} 9. d5
{[%clk 1:46:09]} Re8 {[%clk 1:29:28]} 10. b3 {[%clk 1:44:44]} Na6
{[%clk 1:22:10]} 11. Bb2 {[%clk 1:44:00]} e5 {[%clk 1:21:37]} 12. dxe6
{[%clk 1:43:43]} Bxe6 {[%clk 1:18:52]} 13. Ng5 {[%clk 1:37:19]} h6
{[%clk 1:16:52]} 14. Nxe6 {[%clk 1:36:17]} Rxe6 {[%clk 1:17:00]} 15. e3
{[%clk 1:33:02]} Qf7 {[%clk 1:07:01]} 16. Ne2 {[%clk 1:32:37]} Rd8
{[%clk 1:04:36]} 17. b4 {[%clk 1:32:46]} Ne4 {[%clk 0:53:51]} 18. Bxg7
{[%clk 1:22:10]} Qxg7 {[%clk 0:53:33]} 19. Qc2 {[%clk 1:21:41]} Re7
{[%clk 0:49:07]} 20. Rfd1 {[%clk 1:19:50]} Qe5 {[%clk 0:39:39]} 21. a3
{[%clk 1:15:46]} Nc7 {[%clk 0:37:53]} 22. Rb3 {[%clk 1:11:36]} Rf8
{[%clk 0:34:45]} 23. Nd4 {[%clk 1:04:03]} Qf6 {[%clk 0:29:05]} 24. Rbd3
{[%clk 0:59:55]} Ne8 {[%clk 0:25:01]} 25. Ne2 {[%clk 0:59:10]} h5
{[%clk 0:23:39]} 26. h4 {[%clk 0:57:02]} g5 {[%clk 0:18:55]} 27. f3
{[%clk 0:44:51]} gxh4 {[%clk 0:18:25]} 28. fxe4 {[%clk 0:44:52]} fxe4
{[%clk 0:18:18]} 29. Rb3 {[%clk 0:41:19]} Qf2+ {[%clk 0:05:38]} 30. Kh1
{[%clk 0:41:19]} Ref7 {[%clk 0:02:20]} 31. Rf1 {[%clk 0:40:35]} Qxf1+
{[%clk 0:02:28]} 32. Bxf1 {[%clk 0:40:41]} Rxf1+ {[%clk 0:02:37]} 33. Ng1
{[%clk 0:40:46]} hxg3 {[%clk 0:01:10]} 34. Qxe4 {[%clk 0:40:28]} Ng7
{[%clk 0:00:51]} 35. Qh4 {[%clk 0:33:27]} R8f3 {[%clk 0:00:48]} 36. b5
{[%clk 0:29:09]} Nf5 {[%clk 0:00:46]} 37. Qd8+ {[%clk 0:27:21]} Kf7
{[%clk 0:00:36]} 38. bxc6 {[%clk 0:27:30]} bxc6 {[%clk 0:00:18]} 39. Rb7+
{[%clk 0:27:17]} Kg6 {[%clk 0:00:20]} 40. Rb3 Kf7 {[%clk 0:00:18]} 41. Rb7+
{[%clk 0:27:17]} Kg6 {[%clk 0:00:20]} 42. Qg8+ {[%clk 0:26:21]} Kf6
{[%clk 0:00:28]} 43. Rf7+ {[%clk 0:26:26]} Ke5 {[%clk 0:00:37]} 44. Qe8+
{[%clk 0:26:32]} 1-0

[Event "HSG Open 2019 A"]
[Site "Hilversum"]
[Date "2019.06.23"]
[Round "6.4"]
[White "Wiersma, Eelke"]
[Black "Beerdsen, Thomas"]
[Result "1/2-1/2"]
[BlackElo "2488"]
[WhiteElo "2332"]
[LiveChessVersion "1.4.8"]

1. e4 {[%clk 1:50:16]} c5 {[%clk 1:41:40]} 2. Nf3 {[%clk 1:50:15]} e6
{[%clk 1:41:44]} 3. d4 {[%clk 1:49:52]} cxd4 {[%clk 1:41:49]} 4. Nxd4
{[%clk 1:49:56]} Nc6 {[%clk 1:41:54]} 5. Nb5 {[%clk 1:49:55]} d6 {[%clk 1:38:53]}
6. c4 {[%clk 1:49:21]} Nf6 {[%clk 1:38:22]} 7. N1c3 {[%clk 1:49:22]} a6
{[%clk 1:38:21]} 8. Na3 {[%clk 1:49:25]} Be7 {[%clk 1:36:30]} 9. Be2
{[%clk 1:49:24]} Qa5 {[%clk 1:36:35]} 10. O-O {[%clk 1:43:30]} Qe5
{[%clk 1:36:32]} 11. Qd3 {[%clk 1:36:27]} h5 {[%clk 1:24:56]} 12. Nc2
{[%clk 1:29:49]} Ng4 {[%clk 1:19:13]} 13. g3 {[%clk 1:16:52]} g5 {[%clk 1:13:49]}
14. h3 {[%clk 1:08:32]} Nf6 {[%clk 1:07:16]} 15. b4 {[%clk 0:58:47]} Nd7
{[%clk 0:55:32]} 16. f4 {[%clk 0:45:17]} gxf4 {[%clk 0:53:27]} 17. gxf4
{[%clk 0:44:47]} Qg7+ {[%clk 0:39:55]} 18. Kh1 {[%clk 0:43:12]} Rg8
{[%clk 0:37:55]} 19. Qf3 {[%clk 0:43:03]} Bf6 {[%clk 0:32:50]} 20. Bd2
{[%clk 0:43:00]} Nd4 {[%clk 0:32:18]} 21. Nxd4 {[%clk 0:43:02]} Bxd4
{[%clk 0:32:24]} 22. Rad1 {[%clk 0:42:45]} Nf8 {[%clk 0:28:45]} 23. f5
{[%clk 0:38:59]} Bd7 {[%clk 0:25:25]} 24. Bh6 {[%clk 0:32:38]} Qxh6
{[%clk 0:22:32]} 25. Rxd4 {[%clk 0:32:33]} exf5 {[%clk 0:21:07]} 26. exf5
{[%clk 0:29:04]} O-O-O {[%clk 0:20:31]} 27. Nd5 {[%clk 0:27:25]} Re8
{[%clk 0:20:12]} 28. Qxh5 {[%clk 0:23:06]} Rh8 {[%clk 0:17:44]} 29. Qxh6
{[%clk 0:19:53]} Rxh6 {[%clk 0:17:49]} 30. Bg4 {[%clk 0:19:51]} Bc6
{[%clk 0:16:43]} 31. Kh2 {[%clk 0:17:59]} Nh7 {[%clk 0:16:02]} 32. f6+
{[%clk 0:12:35]} Kb8 {[%clk 0:15:55]} 33. Ne7 {[%clk 1:50:16]} Kc8
{[%clk 0:16:02]} 34. Nd5+ {[%clk 0:12:35]} Kb8 {[%clk 0:15:55]} 35. Ne7
{[%clk 0:11:12]} Nxf6 {[%clk 0:15:00]} 36. Nxc6+ {[%clk 0:10:50]} 1/2-1/2

[Event "HSG Open 2019 A"]
[Site "Hilversum"]
[Date "2019.06.23"]
[Round "6.5"]
[White "Rademakers, Evert"]
[Black "Ten Hertog, Hugo"]
[Result "0-1"]
[BlackElo "2482"]
[WhiteElo "2247"]
[LiveChessVersion "1.4.8"]

1. d4 {[%clk 1:50:14]} Nf6 {[%clk 1:47:31]} 2. c4 {[%clk 1:50:08]} g6
{[%clk 1:47:36]} 3. Nc3 {[%clk 1:49:59]} Bg7 {[%clk 1:47:43]} 4. e4
{[%clk 1:50:03]} d6 {[%clk 1:47:50]} 5. Nf3 {[%clk 1:48:32]} O-O {[%clk 1:47:53]}
6. Be2 {[%clk 1:48:41]} e5 {[%clk 1:47:50]} 7. O-O {[%clk 1:48:49]} Nbd7
{[%clk 1:47:56]} 8. Be3 {[%clk 1:44:52]} Qe7 {[%clk 1:47:08]} 9. dxe5
{[%clk 1:34:36]} dxe5 {[%clk 1:45:34]} 10. Nd5 {[%clk 1:30:01]} Qd8
{[%clk 1:44:52]} 11. Nd2 {[%clk 1:21:54]} c6 {[%clk 1:41:09]} 12. Nxf6+
{[%clk 1:19:12]} Bxf6 {[%clk 1:41:12]} 13. Nf3 {[%clk 1:06:32]} Qe7
{[%clk 1:38:08]} 14. Qc2 {[%clk 1:05:06]} Nc5 {[%clk 1:37:45]} 15. Rad1
{[%clk 1:01:28]} Bg4 {[%clk 1:04:13]} 16. h3 {[%clk 1:00:28]} Bxf3
{[%clk 1:04:18]} 17. Bxf3 {[%clk 1:00:31]} Rfd8 {[%clk 1:01:34]} 18. Rxd8+
{[%clk 0:48:59]} Rxd8 {[%clk 1:00:38]} 19. Rd1 {[%clk 0:49:08]} Rxd1+
{[%clk 0:56:38]} 20. Bxd1 {[%clk 0:36:10]} Bg5 {[%clk 0:54:36]} 21. Bxc5
{[%clk 0:36:18]} Qxc5 {[%clk 0:54:41]} 22. a3 {[%clk 0:33:05]} Qd4
{[%clk 0:52:26]} 23. b4 {[%clk 0:30:43]} h5 {[%clk 0:49:23]} 24. g3
{[%clk 0:25:14]} h4 {[%clk 0:48:36]} 25. Kg2 {[%clk 0:23:56]} hxg3
{[%clk 0:48:32]} 26. fxg3 {[%clk 0:24:04]} Bd2 {[%clk 0:47:43]} 27. Be2
{[%clk 0:19:31]} Be1 {[%clk 0:44:27]} 28. Bf3 {[%clk 0:19:20]} Bc3
{[%clk 0:43:11]} 29. Qe2 {[%clk 0:15:41]} Bb2 {[%clk 0:28:44]} 30. a4
{[%clk 0:15:05]} Ba3 {[%clk 0:28:45]} 31. b5 {[%clk 0:14:35]} Bc5
{[%clk 0:28:51]} 32. h4 {[%clk 0:14:22]} cxb5 {[%clk 0:28:10]} 33. axb5 a5
{[%clk 0:27:28]} 34. bxa6 {[%clk 0:13:57]} bxa6 {[%clk 0:27:35]} 35. h5
{[%clk 0:13:51]} a5 {[%clk 0:26:42]} 36. hxg6 {[%clk 0:13:06]} fxg6
{[%clk 0:26:50]} 37. Kh3 {[%clk 0:08:07]} a4 {[%clk 0:23:15]} 38. Qc2
{[%clk 0:08:16]} Qd7+ {[%clk 0:21:22]} 39. Bg4 {[%clk 0:08:03]} Qf7
{[%clk 0:20:50]} 40. Bc8 {[%clk 0:02:27]} Qf1+ {[%clk 0:17:18]} 41. Kg4
{[%clk 0:02:29]} Qh1 {[%clk 0:16:49]} 42. Kg5 {[%clk 0:01:40]} Be7+
{[%clk 0:16:47]} 43. Kxg6 {[%clk 0:01:48]} Qh7# {[%clk 0:16:40]} 0-1

[Event "HSG Open 2019 A"]
[Site "Hilversum"]
[Date "2019.06.23"]
[Round "6.6"]
[White "De Rover, Yong Hoon"]
[Black "Vedder, Richard"]
[Result "1/2-1/2"]
[BlackElo "2290"]
[WhiteElo "2395"]
[LiveChessVersion "1.4.8"]

1. Nf3 {[%clk 1:43:03]} Nf6 {[%clk 1:49:22]} 2. c4 {[%clk 1:43:01]} g6
{[%clk 1:49:04]} 3. g3 {[%clk 1:42:33]} Bg7 {[%clk 1:49:09]} 4. Bg2
{[%clk 1:42:31]} O-O {[%clk 1:49:13]} 5. O-O {[%clk 1:42:14]} d6 {[%clk 1:49:20]}
6. d4 {[%clk 1:42:04]} Nc6 {[%clk 1:49:25]} 7. Nc3 {[%clk 1:41:59]} a6
{[%clk 1:49:32]} 8. b3 {[%clk 1:41:46]} Rb8 {[%clk 1:49:36]} 9. Nd5
{[%clk 1:41:37]} Nd7 {[%clk 1:43:22]} 10. Bb2 {[%clk 1:40:51]} e6
{[%clk 1:43:04]} 11. Ne3 {[%clk 1:40:35]} Ne7 {[%clk 1:39:13]} 12. Qc2
{[%clk 1:39:41]} Nf5 {[%clk 1:35:04]} 13. Nxf5 {[%clk 1:36:57]} exf5
{[%clk 1:35:10]} 14. Rfd1 {[%clk 1:31:39]} c6 {[%clk 1:32:48]} 15. e3
{[%clk 1:20:53]} Nf6 {[%clk 1:32:00]} 16. Nd2 {[%clk 1:20:05]} Re8
{[%clk 1:30:53]} 17. b4 {[%clk 1:07:18]} Be6 {[%clk 1:28:40]} 18. Nb3
{[%clk 1:05:28]} Qe7 {[%clk 1:23:25]} 19. Rac1 {[%clk 1:04:23]} Ne4
{[%clk 1:17:48]} 20. Bxe4 {[%clk 0:51:43]} fxe4 {[%clk 1:17:57]} 21. Qxe4
{[%clk 0:51:26]} d5 {[%clk 1:17:34]} 22. cxd5 {[%clk 0:48:17]} cxd5
{[%clk 1:17:39]} 23. Qc2 {[%clk 0:47:07]} Qxb4 {[%clk 1:16:42]} 24. Qc5
{[%clk 0:44:18]} Qa4 {[%clk 1:16:36]} 25. Qa3 {[%clk 0:43:58]} Qb5
{[%clk 1:15:02]} 26. Nc5 {[%clk 0:40:32]} Bg4 {[%clk 1:10:02]} 27. Rd2
{[%clk 0:39:49]} Bf3 {[%clk 1:06:42]} 28. Qb3 {[%clk 0:33:08]} Qa5
{[%clk 1:02:44]} 29. Rdc2 {[%clk 0:31:45]} Qd8 {[%clk 1:02:09]} 30. Nd3
{[%clk 0:30:59]} Qg5 {[%clk 1:01:20]} 31. Ne1 {[%clk 0:28:15]} Be4
{[%clk 0:58:22]} 32. Rc3 {[%clk 0:28:08]} h5 {[%clk 0:57:42]} 33. f3
{[%clk 0:23:06]} Bf5 {[%clk 0:57:43]} 34. Ng2 {[%clk 0:22:50]} Be6
{[%clk 0:56:24]} 35. Ba3 {[%clk 0:22:31]} b5 {[%clk 0:53:47]} 36. Bd6
{[%clk 0:19:03]} Rbc8 {[%clk 0:52:26]} 37. Bf4 {[%clk 0:15:54]} Qe7
{[%clk 0:51:37]} 38. Rc7 {[%clk 0:13:38]} Rxc7 {[%clk 0:51:43]} 39. Rxc7
{[%clk 0:13:43]} Qd8 {[%clk 0:51:50]} 40. h4 {[%clk 0:13:17]} Re7
{[%clk 0:49:16]} 41. Rc6 {[%clk 0:12:58]} Qa5 {[%clk 0:49:14]} 42. Bd6
{[%clk 0:12:05]} Ra7 {[%clk 0:47:47]} 43. Bb4 {[%clk 0:11:47]} Qd8
{[%clk 0:47:51]} 44. Nf4 {[%clk 0:10:53]} Qe8 {[%clk 0:46:45]} 45. Qc3
{[%clk 0:07:11]} Ra8 {[%clk 0:45:02]} 46. Nxe6 {[%clk 0:06:35]} fxe6
{[%clk 0:45:11]} 47. Bd6 {[%clk 0:06:26]} a5 {[%clk 0:42:05]} 48. Rc7
{[%clk 0:06:12]} Bf8 {[%clk 0:40:56]} 49. Bxf8 {[%clk 0:05:02]} Qxf8
{[%clk 0:41:04]} 50. Qc6 {[%clk 0:04:00]} Qe8 {[%clk 0:41:07]} 51. Qb7
{[%clk 0:03:38]} Rb8 {[%clk 0:40:22]} 52. Qa7 {[%clk 0:03:36]} Ra8
{[%clk 0:39:19]} 53. Qb7 {[%clk 0:03:40]} Rb8 {[%clk 0:39:25]} 54. Qa7
{[%clk 0:03:48]} Ra8 {[%clk 0:39:33]} 55. Qb7 {[%clk 0:00:00]} 1/2-1/2

[Event "HSG Open 2019 A"]
[Site "Hilversum"]
[Date "2019.06.23"]
[Round "6.7"]
[White "Zwirs, Nico"]
[Black "Heemskerk, Wim"]
[Result "0-1"]
[BlackElo "2221"]
[WhiteElo "2387"]
[LiveChessVersion "1.4.8"]

1. e4 {[%clk 1:49:21]} e6 {[%clk 1:50:15]} 2. d4 {[%clk 1:48:44]} d5
{[%clk 1:50:18]} 3. Nc3 {[%clk 1:48:51]} Bb4 {[%clk 1:49:55]} 4. e5
{[%clk 1:48:50]} b6 {[%clk 1:49:52]} 5. Bd2 {[%clk 1:48:53]} Ne7 {[%clk 1:49:40]}
6. Nf3 {[%clk 1:42:03]} Bxc3 {[%clk 1:45:48]} 7. Bxc3 {[%clk 1:41:54]} a5
{[%clk 1:45:51]} 8. Ng5 {[%clk 1:32:18]} Qd7 {[%clk 1:34:35]} 9. Qf3
{[%clk 1:20:54]} Ng6 {[%clk 1:29:41]} 10. Bd3 {[%clk 1:06:15]} Ba6
{[%clk 1:27:18]} 11. h4 {[%clk 1:02:29]} Bxd3 {[%clk 1:26:27]} 12. Qxd3
{[%clk 0:58:36]} h6 {[%clk 1:25:45]} 13. Nf3 {[%clk 0:57:33]} Nc6
{[%clk 1:11:53]} 14. h5 {[%clk 0:52:55]} Nge7 {[%clk 1:10:24]} 15. Nh4
{[%clk 0:52:54]} Nb4 {[%clk 1:04:33]} 16. Qe2 {[%clk 0:49:56]} c5
{[%clk 1:02:20]} 17. a3 {[%clk 0:45:55]} Nbc6 {[%clk 0:57:48]} 18. Rd1
{[%clk 0:46:00]} c4 {[%clk 0:50:23]} 19. Qg4 {[%clk 0:40:18]} Rg8
{[%clk 0:39:31]} 20. Qf4 {[%clk 0:40:11]} O-O-O {[%clk 0:34:38]} 21. Rh3
{[%clk 0:36:17]} Rdf8 {[%clk 0:32:25]} 22. Kf1 {[%clk 0:34:27]} g5
{[%clk 0:29:55]} 23. hxg6 {[%clk 0:34:19]} fxg6 {[%clk 0:28:37]} 24. Qxh6
{[%clk 0:33:11]} g5 {[%clk 0:27:50]} 25. Rf3 {[%clk 0:31:41]} Re8
{[%clk 0:25:24]} 26. g4 {[%clk 0:27:29]} gxh4 {[%clk 0:25:06]} 27. Qxh4
{[%clk 0:27:39]} Rh8 {[%clk 0:20:55]} 28. Qg3 {[%clk 0:27:46]} Reg8
{[%clk 0:20:12]} 29. Ke2 {[%clk 0:25:33]} Nf5 {[%clk 0:16:19]} 30. Qf4
{[%clk 0:25:33]} Rh4 {[%clk 0:15:24]} 31. Rg1 {[%clk 0:25:26]} Qg7
{[%clk 0:13:32]} 32. gxf5 {[%clk 0:21:38]} Rxf4 {[%clk 0:13:36]} 33. Rxg7
{[%clk 0:21:47]} Re4+ {[%clk 0:13:37]} 34. Kf1 {[%clk 0:21:54]} Rxg7
{[%clk 0:13:39]} 35. fxe6 {[%clk 0:21:57]} Nd8 {[%clk 0:04:22]} 36. Rf8
{[%clk 0:20:49]} Re7 {[%clk 0:04:29]} 37. Bd2 {[%clk 0:20:16]} Rg4
{[%clk 0:04:10]} 38. f4 {[%clk 0:20:00]} Rxe6 {[%clk 0:03:54]} 39. f5
{[%clk 0:20:10]} Re7 {[%clk 0:03:17]} 40. e6 {[%clk 0:20:20]} Kc7
{[%clk 0:03:09]} 41. Kf2 {[%clk 0:20:11]} Nxe6 {[%clk 0:02:53]} 42. fxe6
{[%clk 0:20:18]} Rxe6 {[%clk 0:03:00]} 43. Bf4+ {[%clk 0:20:09]} Kd7
{[%clk 0:02:22]} 44. Be5 {[%clk 0:19:59]} Reg6 {[%clk 0:02:12]} 45. Ke1
{[%clk 0:18:20]} Rg2 {[%clk 0:02:04]} 46. Kd1 {[%clk 0:18:28]} Rh6
{[%clk 0:02:00]} 47. Rf1 {[%clk 0:18:19]} b5 {[%clk 0:01:53]} 48. Kc1
{[%clk 0:17:51]} b4 {[%clk 0:01:56]} 49. Rd1 {[%clk 0:13:12]} Kc6
{[%clk 0:01:41]} 50. Kb1 {[%clk 0:11:12]} Kb5 {[%clk 0:01:06]} 51. Rf1
{[%clk 0:10:41]} b3 {[%clk 0:00:42]} 52. cxb3 {[%clk 0:09:59]} cxb3
{[%clk 0:00:50]} 53. Rc1 {[%clk 0:09:45]} Rc6 {[%clk 0:00:48]} 54. a4+
{[%clk 0:08:45]} Kb6 {[%clk 0:00:57]} 55. Rh1 {[%clk 0:08:19]} Rcc2
{[%clk 0:00:56]} 56. Ka1 {[%clk 0:04:52]} Kc6 {[%clk 0:00:25]} 57. Bf4
{[%clk 0:04:15]} Rc4 {[%clk 0:00:21]} 58. Be3 {[%clk 0:03:00]} Rxa4+
{[%clk 0:00:29]} 59. Kb1 {[%clk 0:03:10]} Rc4 {[%clk 0:00:33]} 60. Rh6+
{[%clk 0:02:38]} Kb5 {[%clk 0:00:37]} 61. Rh8 {[%clk 0:02:25]} Rc6
{[%clk 0:00:38]} 62. Bc1 {[%clk 0:01:52]} Rg1 {[%clk 0:00:37]} 63. Rb8+
{[%clk 0:02:00]} Ka6 {[%clk 0:00:40]} 64. Rxb3 {[%clk 0:01:50]} Rcxc1+
{[%clk 0:00:45]} 65. Ka2 {[%clk 0:01:59]} Ra1# {[%clk 0:00:54]} 0-1

[Event "HSG Open 2019 A"]
[Site "Hilversum"]
[Date "2019.06.23"]
[Round "6.8"]
[White "Van de Griendt, Jan Willem"]
[Black "Fieberg, Samuel"]
[Result "1-0"]
[BlackElo "2185"]
[WhiteElo "2332"]
[LiveChessVersion "1.4.8"]

1. d4 {[%clk 1:41:14]} d5 {[%clk 1:50:12]} 2. c4 {[%clk 1:41:02]} c6
{[%clk 1:50:18]} 3. Nf3 {[%clk 1:41:06]} Nf6 {[%clk 1:50:25]} 4. e3
{[%clk 1:40:54]} Bg4 {[%clk 1:50:09]} 5. Qb3 {[%clk 1:40:56]} Qb6
{[%clk 1:50:08]} 6. Nc3 {[%clk 1:41:01]} e6 {[%clk 1:49:31]} 7. Nh4
{[%clk 1:41:05]} Bh5 {[%clk 1:48:13]} 8. h3 {[%clk 1:38:23]} Nbd7
{[%clk 1:42:52]} 9. g4 {[%clk 1:33:11]} Bg6 {[%clk 1:42:50]} 10. Nxg6
{[%clk 1:33:15]} hxg6 {[%clk 1:42:55]} 11. Bg2 {[%clk 1:23:47]} Qa6
{[%clk 1:40:23]} 12. cxd5 {[%clk 1:14:51]} Nxd5 {[%clk 1:40:02]} 13. Bd2
{[%clk 1:05:48]} Nb4 {[%clk 1:24:33]} 14. Bf1 {[%clk 1:02:29]} Qa5
{[%clk 1:14:45]} 15. O-O-O {[%clk 0:56:08]} O-O-O {[%clk 1:14:11]} 16. Kb1
{[%clk 0:39:20]} Nd5 {[%clk 1:12:38]} 17. Ne4 {[%clk 0:35:14]} Qc7
{[%clk 1:10:15]} 18. Ng5 {[%clk 0:34:53]} N7f6 {[%clk 1:09:48]} 19. Bc4
{[%clk 0:27:52]} Nh7 {[%clk 1:05:46]} 20. Nf3 {[%clk 0:22:36]} Nhf6 21. Bd3
{[%clk 0:19:33]} Be7 {[%clk 1:04:02]} 22. Ne5 {[%clk 0:19:11]} Rhf8
{[%clk 1:02:59]} 23. e4 {[%clk 0:17:09]} Nb6 {[%clk 0:58:37]} 24. Nxf7
{[%clk 0:17:04]} Rxd4 {[%clk 0:58:17]} 25. Bc3 {[%clk 0:17:02]} Rxf7
{[%clk 0:47:47]} 26. Bxd4 {[%clk 0:15:34]} 1-0

[Event "HSG Open 2019 A"]
[Site "Hilversum"]
[Date "2019.06.23"]
[Round "6.9"]
[White "Van der Poel, Henk"]
[Black "Brouwer, Timon"]
[Result "1-0"]
[BlackElo "2003"]
[WhiteElo "2241"]
[LiveChessVersion "1.4.8"]

1. e4 {[%clk 1:50:02]} d5 {[%clk 1:49:11]} 2. exd5 {[%clk 1:50:01]} Nf6
{[%clk 1:49:15]} 3. Bb5+ {[%clk 1:48:21]} Nbd7 {[%clk 1:49:20]} 4. Nf3
{[%clk 1:45:54]} Nxd5 {[%clk 1:49:04]} 5. d4 {[%clk 1:45:46]} c6 {[%clk 1:47:19]}
6. Be2 {[%clk 1:44:44]} Qc7 {[%clk 1:47:20]} 7. O-O {[%clk 1:43:18]} g6
{[%clk 1:46:49]} 8. c4 {[%clk 1:39:12]} Nf4 {[%clk 1:46:21]} 9. Nc3
{[%clk 1:39:11]} Bg7 {[%clk 1:45:57]} 10. Re1 {[%clk 1:39:00]} Nxe2+
{[%clk 1:44:46]} 11. Qxe2 {[%clk 1:39:01]} Nb6 {[%clk 1:43:57]} 12. c5
{[%clk 1:34:31]} Nd5 {[%clk 1:42:27]} 13. Nxd5 {[%clk 1:34:32]} cxd5
{[%clk 1:41:53]} 14. Bf4 {[%clk 1:34:29]} Qd7 {[%clk 1:36:58]} 15. Ne5
{[%clk 1:32:16]} Qd8 {[%clk 1:23:54]} 16. Qb5+ {[%clk 1:29:10]} Kf8
{[%clk 1:22:09]} 17. c6 {[%clk 1:27:31]} b6 {[%clk 1:19:08]} 18. c7
{[%clk 1:17:23]} Qe8 {[%clk 1:17:54]} 19. Qxd5 {[%clk 1:16:30]} Be6
{[%clk 1:17:19]} 20. Qf3 {[%clk 1:14:47]} Bf6 {[%clk 1:10:24]} 21. d5
{[%clk 1:07:32]} Bd7 {[%clk 1:08:00]} 22. Bh6+ {[%clk 1:06:45]} Bg7
{[%clk 1:07:41]} 23. d6 {[%clk 1:01:32]} Bxh6 {[%clk 1:01:39]} 24. Nxd7+
{[%clk 1:01:26]} Qxd7 {[%clk 1:00:21]} 25. Rxe7 {[%clk 1:00:41]} Qxe7
{[%clk 1:00:04]} 26. Qxa8+ {[%clk 1:00:13]} Kg7 {[%clk 0:59:59]} 27. Qxh8+
{[%clk 1:00:16]} 1-0

[Event "HSG Open 2019 A"]
[Site "Hilversum"]
[Date "2019.06.23"]
[Round "6.10"]
[White "L'Ami, Erwin"]
[Black "Schulze, Lara"]
[Result "1-0"]
[BlackElo "2160"]
[WhiteElo "2648"]
[LiveChessVersion "1.4.8"]

1. e4 {[%clk 1:48:39]} c5 {[%clk 1:50:16]} 2. Nf3 {[%clk 1:48:39]} d6
{[%clk 1:50:15]} 3. d4 {[%clk 1:48:41]} cxd4 {[%clk 1:50:21]} 4. Nxd4
{[%clk 1:48:42]} Nf6 {[%clk 1:50:21]} 5. Nc3 {[%clk 1:48:44]} Nc6
{[%clk 1:50:27]} 6. f3 {[%clk 1:46:48]} e5 {[%clk 1:49:45]} 7. Nb3
{[%clk 1:46:04]} Be7 {[%clk 1:48:14]} 8. Be3 {[%clk 1:45:46]} O-O
{[%clk 1:46:37]} 9. Qd2 {[%clk 1:45:18]} a5 {[%clk 1:44:54]} 10. Bb5
{[%clk 1:40:29]} Na7 {[%clk 1:44:16]} 11. Be2 {[%clk 1:38:49]} Be6
{[%clk 1:37:55]} 12. Nd5 {[%clk 1:32:02]} Nc8 {[%clk 1:33:16]} 13. c4
{[%clk 1:27:22]} a4 {[%clk 1:29:00]} 14. Nc1 {[%clk 1:26:29]} Nd7
{[%clk 1:27:15]} 15. O-O {[%clk 1:25:38]} Kh8 {[%clk 1:21:37]} 16. Rd1
{[%clk 1:18:37]} Nc5 {[%clk 1:14:51]} 17. Bf1 {[%clk 1:17:08]} b6
{[%clk 1:09:09]} 18. Ne2 {[%clk 1:16:49]} h6 {[%clk 1:04:47]} 19. Nxe7
{[%clk 1:11:52]} Qxe7 {[%clk 1:04:39]} 20. Nc3 {[%clk 1:11:54]} f5
{[%clk 1:01:37]} 21. exf5 {[%clk 1:10:06]} Bxf5 {[%clk 1:01:27]} 22. Re1
{[%clk 1:07:07]} Ra7 {[%clk 0:58:48]} 23. Rad1 {[%clk 1:07:05]} Qf7
{[%clk 0:57:37]} 24. Nd5 {[%clk 1:02:16]} Be6 {[%clk 0:55:53]} 25. Nxb6
{[%clk 0:53:12]} Nxb6 {[%clk 0:49:53]} 26. Qxd6 {[%clk 0:53:12]} Ncd7
{[%clk 0:46:41]} 27. Bxb6 {[%clk 0:52:21]} Rb7 {[%clk 0:45:06]} 28. c5
{[%clk 0:48:34]} Nxb6 {[%clk 0:44:22]} 29. cxb6 {[%clk 0:48:33]} Bxa2
{[%clk 0:44:03]} 30. Rxe5 {[%clk 0:43:02]} Rfb8 {[%clk 0:42:31]} 31. Rb5
{[%clk 0:41:10]} Bc4 {[%clk 0:41:22]} 32. Rb4 {[%clk 0:39:20]} Bxf1
{[%clk 0:41:18]} 33. Kxf1 {[%clk 0:39:20]} Qf5 {[%clk 0:40:14]} 34. Rc1
{[%clk 0:33:09]} Qa5 {[%clk 0:37:12]} 35. Rc7 {[%clk 0:31:24]} Rxb6
{[%clk 0:33:23]} 36. Rxb6 {[%clk 0:30:07]} Rxb6 {[%clk 0:29:32]} 37. Qf8+
{[%clk 0:30:10]} Kh7 {[%clk 0:29:39]} 38. Qxg7# {[%clk 0:30:13]} 1-0